000 00739nam a2200193 a 4500
001 BRCA_593
005 20190320203057.0
008 160508s2005----di-a---###---#000-0#eng-#
020 _a8790786904
050 4 _aNK4270
_b.H68 2005
100 1 _aHoukjaer, Ulla
_92044
245 1 0 _aTin-Glazed Earthenware 1300-1750
_bSpain, Italy, France : Catalogue of the Collection
_cUlla Houkjaer.
260 _a[Copenhague, Dinamarca]
_bThe Danish Museum of Art & Desing
_c2005
300 _a242 p.
_bil. a color, mapas
_c24 cm.
504 _aBibliografía: p. 236-239
610 2 4 _aMuseo Danés de Arte y Diseño (Copenhague)
_xColecciones de cerámica
_92045
650 1 4 _aCerámica vidriada y esmaltada
_ySiglos XIV a XVIII
_zEuropa
_92046
942 _2lcc
_cB
999 _c521
_d521